000 00586nam a2200205Ia 4500
003 IN-BaIIA
008 211028s9999 xx 000 0 eng d
040 _cIIA Library
080 _a524.83
_bBON
100 _aBondi, H.
_92638
245 0 _aCosmology
_cH. Bondi
250 _a2nd ed.
260 _aCambridge
_bCambridge University Press
_c1961
300 _a182p.
490 _aCambridge monographs on physics
650 _aAstronomy and astrophysics thesaurus
650 _aCosmology
650 _aUniverse
_91987
942 _cBK
999 _c1967
_d1967